| 000 | 00860nas a2200265 4500 | ||
|---|---|---|---|
| 001 | BR9000185 | ||
| 003 | BR-BrBNA | ||
| 005 | 20231205091755.0 | ||
| 007 | ta | ||
| 008 | 230509b bl.|||p| |||| 00| 00por d | ||
| 040 |
_aBR-BrBNA _bpor _cBiblioteca Nacional de Agricultura |
||
| 041 | _a(Pt) | ||
| 072 | _aP33 | ||
| 100 | 1 | _aSavy Filho, A. | |
| 100 | 1 | _aCastro, O.M. de | |
| 100 | 1 | _aBanzatto, N.V. | |
| 245 | 1 | _aEfeito da compactacao de solo sobre o desenvolvimento da mamoneira (Ricinus communis L.) | |
| 246 | 1 | _a[Effect of soil compactation on castor bean (Ricinus communis L.)growth] | |
| 650 | _aMAMONA | ||
| 650 | _aCOMPACTACAO DO SOLO | ||
| 650 | _aCRESCIMENTO | ||
| 773 | 0 |
_tRevista de Agricultura (Brazil) _xISSN 0034-7655 _g(Dec 1989), v. 64(3) p. 229-239 _wBR9000185 |
|
| 909 |
_a202311 _bLúcia _c55 _dLúcia Elande |
||
| 942 |
_2AGRIS _n0 _cANA |
||
| 999 |
_c127249 _d127249 |
||